MARC

LEADER 00000nam0a2200000 4500
001 330269
005 20231102004238.0
035 |a (RuTPU)RU\TPU\book\356043 
035 |a RU\TPU\book\295903 
090 |a 330269 
100 |a 20170331d1981 k y0rusy50 ca 
101 0 |a rus 
102 |a RU 
105 |a a z 001zy 
200 1 |a Технический прогресс в метизном производстве  |e [сборник]  |f Всесоюзный научно-исследовательский институт метизной промышленности (ВНИИметиз) ; отв. ред. И. Н. Недовизий 
210 |a Москва  |c Металлургия  |d 1981 
215 |a 87 с.  |c ил. 
225 1 |a Тематический отраслевой сборник  |v № 9 
320 |a Библиогр. в конце ст. 
606 1 |a Метизное производство  |x Производительность труда  |2 stltpush  |3 (RuTPU)RU\TPU\subj\43468  |9 62967 
610 1 |a экономия 
610 1 |a качество 
610 1 |a износостойкость 
610 1 |a деформация 
610 1 |a ультразвук 
610 1 |a термообработка 
610 1 |a волочение 
675 |a 621.778.8  |v 3 
702 1 |a Недовизий  |b И. Н.  |4 340 
712 0 1 |a СССР  |b Министерство черной металлургии (Минчермет)  |c (1946-1989)  |2 stltpush  |3 (RuTPU)RU\TPU\col\15565 
712 0 2 |a Всесоюзный научно-исследовательский институт метизной промышленности (ВНИИметиз)  |c (Магнитогорск)  |2 stltpush  |3 (RuTPU)RU\TPU\col\19593 
801 1 |a RU  |b 63413507  |c 20141021 
801 2 |a RU  |b 63413507  |c 20170404  |g RCR 
942 |c BK